Naipes [juego] /

Guardado en:
Formato: Objeto Físico
Publicado: China : Item, [200?]
Materias:
Etiquetas: Agregar Etiqueta
Sin Etiquetas, Sea el primero en etiquetar este registro!
LEADER 00670nrm a22001815g 4500
001 CEM.cems021192
008 240604b200?##################0###0#####d
005 20240618101253.0
245 0 0 |a Naipes [juego] /  |c Item. 
260 |a China :  |b Item,  |c [200?] 
300 |a 1 juego (50 naipes plastificados) 
500 |a Para 2 ó más jugadores a partir de 10 años objetivo: según el juego elegido. 
500 |a Naipes etilo español. 
653 |a 1. juegos de cartas 
653 |a 2. juegos de naipes españoles 
653 |a 3. juegos de cartas para truco 
859 |a CEMS  |b BIB. CEMS - Ludoteca  |h J795.4  |i It2  |p 517.24  |t Ej.1 
859 |a CEMS  |b BIB. CEMS - Ludoteca  |h J795.4  |i It2  |p 519.24  |t Ej.2